Score 0/14 Timer 02:00
0 Plays Today
Scrambled Word Answer % Correct
MAHHAM
99.9%
HESCEECHEESE
95.2%
NBCOABACON
94.7%
NGERE RPESPPEGREEN PEPPERS
90.8%
NNAAAB SEPEPPRBANANA PEPPERS
89.7%
CAKBL SIOLEVBLACK OLIVES
87.3%
ENRGE SVIEOLGREEN OLIVES
86.6%
Scrambled Word Answer % Correct
EIPPPORNEPEPPERONI
83.1%
ÑALOJEPA ERPSPEPJALAPEÑO PEPPERS
79.5%
AESGSUASAUSAGE
79%
NOSONIONIONS
78.3%
NEELPPIPAPINEAPPLE
78.1%
OMSOMSRUHMUSHROOMS
75.5%
Common Theme:Pizza Toppings
71.3%
Remove Ads.
Support Sporcle.
Get the best of Sporcle when you Go Orange. This ad-free experience offers more features, more stats, and more fun while also helping to support Sporcle. Thank you for becoming a member.

You're not logged in!

Compare scores with friends on all Sporcle quizzes.
OR
Log In

Show Comments

Extras

Top Quizzes Today


Score Distribution

Your Account Isn't Verified!

In order to create a playlist on Sporcle, you need to verify the email address you used during registration. Go to your Sporcle Settings to finish the process.

Report this User

Report this user for behavior that violates our Community Guidelines.

Details: